Formula 1 2010 Championship Standings - Statistics

General Stats
  • This quiz has been taken 27 times
  • The average score is 18 of 27
Answer Stats
Position Team Driver % Correct
2nd Ferrari Fernando Alonso
100%
6th Ferrari Felipe Massa
95%
4th McLaren-Mercedes Lewis Hamilton
95%
3rd Red Bull-Renault Mark Webber
95%
9th Mercedes Michael Schumacher
95%
1st Red Bull-Renault Sebastian Vettel
95%
7th Mercedes Nico Rosberg
90%
5th McLaren-Mercedes Jenson Button
86%
8th Renault Robert Kubica
81%
10th Williams-Cosworth Rubens Barrichello
81%
14th Williams-Cosworth Nico Hulkenberg
67%
20th Lotus-Cosworth Heikki Kovalainen
57%
21st Lotus-Cosworth Jarno Trulli
57%
11th Force India-Mercedes Adrian Sutil
52%
23rd HRT-Cosworth Bruno Senna
52%
13th Renault Vitaly Petrov
52%
19th Toro Rosso-Ferrari Jaime Alguersuari
48%
12th BMW Sauber-Ferrari Kamui Kobayashi
48%
18th BMW Sauber-Ferrari Nick Heidfeld
48%
17th BMW Sauber-Ferrari Pedro de la Rosa
48%
16th Toro Rosso-Ferrari Sebastien Buemi
48%
25th Virgin-Cosworth Timo Glock
48%
15th Force India-Mercedes Vitantonio Liuzzi
48%
27th HRT-Cosworth Christian Klien
43%
22nd HRT-Cosworth Karun Chandhok
43%
26th HRT-Cosworth Sakon Yamamoto
43%
24th Virgin-Cosworth Lucas di Grassi
38%
No matching quizzes found
Score Distribution
Percent of People with Each Score
Percentile by Number Answered
Your Score History
You have not taken this quiz